Canada- Letter 'B' Geography - Statistics

General Stats
  • This quiz has been taken 39 times
  • The average score is 2 of 6
Answer Stats
Hint Answer % Correct
Largest Canadian island in the North, home to Iqaluit Baffin Island
94%
Popular province on the Pacific coast British Columbia
92%
Large Island near Victoria Island Banks Island
22%
Peninsula that juts into Lake Huron Bruce Peninsula
17%
Canadian Artic's sole inland community, town and lake in inland Nunavut Baker Lake
14%
Albertan town Balzac
6%
No matching quizzes found
Score Distribution
Percent of People with Each Score
Percentile by Number Answered
Your Score History
You have not taken this quiz